[Event "Challenge"]
[Site "http://www.queenalice.com/game.php?id=435626"]
[Date "2008.7.19"]
[Round "-"]
[White "tiagohi"]
[Black "quebec"]
[Result "0-1"]
[WhiteElo "1362"]
[BlackElo "1804"]

1. e4 c5 2. e5 Nc6 3. Nf3 d6 4. d4 cxd4 5. Bf4 dxe5 6. Nxe5 Nf6 7. Bd3 Nxe5 8.
Bxe5 e6 9. c4 dxc3 10. bxc3 Be7 11. O-O O-O 12. Qf3 Rb8 13. Bxb8 Nd5 14. Qg3 Bh4
15. Qe5 Bf6 16. Qe4 g6 17. Bxa7 Nxc3 18. Nxc3 Bxc3 19. Rad1 Qa5 20. Be3 Bg7 21.
a4 b6 22. Bc2 Ba6 23. Rfe1 b5 24. Re2 bxa4 25. Bxa4 Bxe2 26. Rd2 Bb5 27. Bxb5
Qxb5 28. g3 Qf5 29. Qb7 Qa5 30. Rc2 Qa1+ 31. Kg2 Qa8 32. Qxa8 Rxa8 33. Rd2 e5
34. Bb6 f6 35. Rd8+ Rxd8 36. Bxd8 f5 37. Ba5 Kf7 38. f3 Kf6 39. Bc3 Ke6 40. f4
Bf6 41. Kf3 e4+ 42. Ke3 Bxc3 0-1

[Event "Challenge"]
[Site "http://www.queenalice.com/game.php?id=435627"]
[Date "2008.7.19"]
[Round "-"]
[White "quebec"]
[Black "tiagohi"]
[Result "1-0"]
[WhiteElo "1779"]
[BlackElo "1347"]

1. e4 e5 2. Nf3 d5 3. exd5 Qxd5 4. d3 c5 5. c4 Qe6 6. Nc3 f5 7. Be2 e4 8. dxe4
fxe4 9. Ng5 Qf5 10. O-O h6 11. Ngxe4 Nf6 12. Nxf6+ Qxf6 13. Nd5 Qe5 14. Re1 Bd6
15. Bh5+ Kd7 16. Rxe5 Bxe5 17. Nb6+ Ke6 18. Nxa8 Nc6 19. Bg4+ Ke7 20. Bxc8 Rxc8
21. Be3 b6 22. Qa4 Bxb2 23. Re1 Nb4 24. Bxc5+ Kd8 25. Qe8# 1-0

[Event "Challenge"]
[Site "http://www.queenalice.com/game.php?id=438043"]
[Date "2008.7.24"]
[Round "-"]
[White "flaviovieira"]
[Black "quebec"]
[Result "0-1"]
[WhiteElo "1693"]
[BlackElo "1792"]

1. e4 c5 2. Nf3 Nc6 3. Bb5 Nf6 4. Nc3 e6 5. Bxc6 bxc6 6. O-O d6 7. d4 cxd4 8.
Qxd4 e5 9. Qc4 Bd7 10. Ng5 Qe7 11. f4 exf4 12. Rxf4 h6 13. Rh4 Nh7 14. Nf3 f6
15. Nd4 Ng5 16. Bxg5 fxg5 17. Nxc6 Rc8 18. Nxe7 Rxc4 19. Ng6 Rg8 20. Rh5 Bg4 21.
Nxf8 Rxf8 22. Rh3 Bxh3 23. gxh3 Rf3 24. Kg2 Rf6 25. Rd1 Re6 26. a4 a5 27. Kf3
Kf7 28. Rd5 Ke7 29. Rxa5 g6 30. Ra7+ Kf8 31. a5 Re7 32. Ra8+ Kg7 33. a6 Rf7+ 34.
Ke3 Rc5 35. Kd4 Rf2 36. a7 Ra5 37. b4 Ra1 38. Nb5 Rxc2 39. Rb8 Rxa7 40. Nxa7
Rxh2 41. b5 h5 42. b6 Rxh3 43. b7 Rb3 44. Nc6 g4 45. Nd8 g3 46. Ra8 g2 47. Ra7
g1=Q+ 48. Kc4 Qxa7 49. Kxb3 Qb6+ 50. Kc4 Qxd8 51. Kd5 Qc7 52. b8=Q Qxb8 53. Ke6
h4 54. Ke7 h3 55. Ke6 h2 56. Kd5 h1=Q 57. Kd4 Qh5 58. Ke3 Qg5+ 59. Kd3 Qbb5+ 60.
Kd4 Qge5+ 61. Ke3 Qb3+ 62. Ke2 Qxe4+ 63. Kf2 Qbf3+ 64. Kg1 Qeg4+ 65. Kh2 Qfh3#
0-1

[Event "Challenge"]
[Site "http://www.queenalice.com/game.php?id=439759"]
[Date "2008.7.27"]
[Round "-"]
[White "quebec"]
[Black "mp3"]
[Result "1-0"]
[WhiteElo "1793"]
[BlackElo "1631"]

1. e4 e5 2. Nf3 d6 3. d4 Nf6 4. dxe5 dxe5 5. Qxd8+ Kxd8 6. Nxe5 Be6 7. Bd3 Nbd7
8. Nxd7 Bxd7 9. Bg5 Be7 10. O-O h6 11. Bh4 g5 12. Bg3 g4 13. f3 h5 14. fxg4 hxg4
15. Nc3 b6 16. e5 Ne8 17. Rxf7 Bc5+ 18. Kh1 Be6 19. Rff1 Rh5 20. Bg6 Rh6 21.
Bxe8 Kxe8 22. Rf6 Rxf6 23. exf6 Kf7 24. Ne4 Rc8 25. Nxc5 bxc5 26. b3 Kxf6 27. c4
Kf5 28. Rf1+ Kg6 29. Re1 Bf5 30. Re7 Kf6 31. Rxc7 Ra8 32. Rxc5 a5 33. h3 gxh3
34. gxh3 Bb1 35. a3 Ba2 36. b4 a4 37. b5 Ke6 38. b6 Rh8 39. h4 Bb1 40. Ra5 Bc2
41. Re5+ Kd6 42. Rh5+ Ke6 43. Rxh8 Bd3 44. c5 Kd7 45. b7 Be4+ 46. Kg1 Bxb7 47.
Rh5 Kc6 48. Rg5 Bc8 49. h5 Bd7 50. h6 Be8 51. h7 Bf7 52. h8=Q Bd5 53. Qa8+ Kxc5
54. Qxd5+ 1-0

[Event "Let's Play Chess!"]
[Site "http://www.queenalice.com/game.php?id=439896"]
[Date "2008.7.28"]
[Round "-"]
[White "quebec"]
[Black "spawnwolfwolverine"]
[Result "1-0"]
[WhiteElo "1719"]
[BlackElo "1528"]

1. e4 e5 2. Nf3 d6 3. d4 exd4 4. Nxd4 Bd7 5. Bc4 Nc6 6. Be3 Nf6 7. Nc3 Be7 8.
O-O O-O 9. Bd3 Nxd4 10. Bxd4 c6 11. e5 dxe5 12. Be3 a6 13. Bg5 b5 14. Bxf6 Bxf6
15. Ne4 Rc8 16. Nd6 Rc7 17. Ne4 Be6 18. Qf3 Bd5 19. Nxf6+ Qxf6 20. Qxf6 gxf6 21.
Rfe1 c5 22. Be4 Bxe4 23. Rxe4 h5 24. Rh4 c4 25. Rxh5 Kg7 26. Kf1 Rh8 27. Rxh8
Kxh8 28. Rd1 Kg7 29. c3 f5 30. Rd5 f6 31. f4 exf4 32. Rxf5 a5 33. Rxf4 Kg6 34.
h4 Rc5 35. g4 b4 36. cxb4 axb4 37. Ke1 c3 38. bxc3 bxc3 39. Kd1 c2+ 40. Kc1 Rc3
41. a4 Rc5 42. Rb4 f5 43. gxf5+ Kxf5 44. Rb5 Rxb5 45. axb5 Kg4 46. b6 Kxh4 47.
b7 Kg4 48. b8=Q Kf3 49. Qb3+ Ke2 50. Qxc2+ Ke1 51. Qd2+ Kf1 52. Kd1 Kg1 53. Qf4
Kg2 54. Ke2 Kg1 55. Qf3 Kh2 56. Qg4 Kh1 57. Kf2 Kh2 58. Qg2# 1-0

[Event "Let's Play Chess!"]
[Site "http://www.queenalice.com/game.php?id=439897"]
[Date "2008.7.28"]
[Round "-"]
[White "quebec"]
[Black "ekup"]
[Result "0-1"]
[WhiteElo "1691"]
[BlackElo "2041"]

1. e4 c5 2. Nc3 Nc6 3. g3 d6 4. Bg2 Nf6 5. d3 h6 6. h3 e6 7. f4 e5 8. f5 Bd7 9.
Nf3 Be7 10. g4 g6 11. fxg6 fxg6 12. Nh4 g5 13. Nf5 Bxf5 14. exf5 a6 15. Be3 d5
16. Ne2 Qd7 17. a3 O-O-O 18. O-O h5 19. Bxg5 hxg4 20. Bxf6 Bxf6 21. Ng3 gxh3 22.
Bh1 Qg7 23. Kh2 Rdg8 24. Qf3 Nd4 25. Qf2 Bh4 26. Rg1 Qf6 27. Bxd5 Rg5 28. Rae1
Nxf5 29. Qxc5+ Kb8 30. Qf2 Rf8 31. Ref1 Rxg3 32. Qxf5 Qxf5 33. Rxf5 Rxf5 34.
Rxg3 Bxg3+ 35. Kxg3 Rh5 36. Bh1 Kc7 37. Kg4 Rh8 38. Kf5 h2 39. Kxe5 Re8+ 0-1

[Event "Let's Play Chess!"]
[Site "http://www.queenalice.com/game.php?id=439898"]
[Date "2008.7.28"]
[Round "-"]
[White "quebec"]
[Black "ekup"]
[Result "1-0"]
[WhiteElo "1729"]
[BlackElo "2058"]

1. e4 c5 2. Nc3 Nc6 3. g3 d6 4. Bg2 Nf6 5. d3 h6 6. h3 e6 7. f4 e5 8. f5 Bd7 9.
Nf3 Be7 10. g4 g6 11. fxg6 fxg6 12. Nh4 g5 13. Nf5 Bxf5 14. exf5 Qc7 15. Be3 a6
16. Qf3 O-O-O 17. a3 Rhf8 18. Nd5 Nxd5 19. Qxd5 Bf6 20. Qe6+ Kb8 21. Bxc6 Qxc6
22. O-O-O Qb5 23. Qb3 Qc6 24. c4 d5 25. cxd5 Rxd5 26. Rh2 b5 27. Kb1 Rfd8 28.
Rhd2 Kb7 29. Ka2 Rc8 30. Rc1 c4 31. dxc4 Rxd2 32. Bxd2 Qd7 33. Qf3+ Qc6 34. Qb3
e4 35. cxb5 Qxb5 36. Qf7+ Kb8 37. Rxc8+ Kxc8 38. Qxf6 Qd5+ 39. Ka1 Qxd2 40. Qc6+
Kd8 41. Qxe4 a5 42. f6 a4 43. Qe7+ Kc8 44. Qe6+ Qd7 45. Qa6+ Kc7 46. Qc4+ Kd8
47. Qg8+ Qe8 48. f7 1-0

[Event "Let's Play Chess!"]
[Site "http://www.queenalice.com/game.php?id=439899"]
[Date "2008.7.28"]
[Round "-"]
[White "quebec"]
[Black "spawnwolfwolverine"]
[Result "1/2-1/2"]
[WhiteElo "1695"]
[BlackElo "1574"]

1. e4 e5 2. Nf3 d6 3. d4 exd4 4. Nxd4 Bd7 5. Bc4 Nc6 6. Be3 Be7 7. O-O Nf6 8.
Nc3 O-O 9. Nxc6 Bxc6 10. Bd3 a6 11. Bg5 b5 12. b4 h6 13. Bh4 Nh7 14. Bxe7 Qxe7
15. Nd5 Bxd5 16. exd5 c5 17. bxc5 dxc5 18. d6 Qd7 19. c3 c4 20. Bxh7+ Kxh7 21.
Qd4 f6 22. Rfe1 Rfd8 23. Rad1 Rac8 24. Qe4+ Kg8 25. Rd5 Rc6 26. Red1 Kf7 27.
Qe7+ Qxe7 28. dxe7 Rxd5 29. Rxd5 Kxe7 30. g4 g5 31. Kf1 Ke6 32. Rd4 Rc5 33. f3
Ke5 34. Re4+ Kd5 35. Rd4+ Ke5 36. Re4+ 1/2-1/2

[Event "Let's Play Chess!"]
[Site "http://www.queenalice.com/game.php?id=439900"]
[Date "2008.7.28"]
[Round "-"]
[White "quebec"]
[Black "spawnwolfwolverine"]
[Result "1-0"]
[WhiteElo "1691"]
[BlackElo "1597"]

1. e4 e5 2. Nf3 d6 3. d4 exd4 4. Nxd4 Bd7 5. Bc4 Nc6 6. Be3 Be7 7. O-O Nf6 8.
Nc3 O-O 9. Nxc6 Bxc6 10. Bd3 a6 11. Rb1 b5 12. b4 Bb7 13. Bg5 c5 14. bxc5 dxc5
15. Bxf6 Bxf6 16. Nd5 Bxd5 17. exd5 c4 18. Be4 Rc8 19. Qh5 g6 20. Qf3 Bg7 21. c3
f5 22. Bc2 Qd6 23. Rbd1 Rc5 24. Rd2 Re8 25. Rfd1 Rd8 26. a4 h5 27. axb5 axb5 28.
Qg3 Kh7 29. Qg5 Bh6 30. Qh4 Bxd2 31. Rxd2 Rxd5 32. Rxd5 Qxd5 33. Qe7+ Kh6 34.
Qe3+ g5 35. h4 f4 36. hxg5+ Kxg5 37. Qe7+ Kh6 38. Qh7+ Kg5 39. Qg6+ Kh4 40. g3+
fxg3 41. Qxg3# 1-0

[Event "Let's Play Chess!"]
[Site "http://www.queenalice.com/game.php?id=439901"]
[Date "2008.7.28"]
[Round "-"]
[White "ekup"]
[Black "quebec"]
[Result "1-0"]
[WhiteElo "2021"]
[BlackElo "1665"]

1. e4 c5 2. Nf3 Nc6 3. Bc4 e6 4. a3 d5 5. exd5 exd5 6. Qe2+ Be7 7. Ba2 Nf6 8. h3
O-O 9. O-O Bd6 10. d3 Be6 11. Nc3 Nd4 12. Nxd4 cxd4 13. Nd1 Qc7 14. c3 dxc3 15.
bxc3 Qd7 16. Qf3 b6 17. Bg5 Ne8 18. Ne3 Be7 19. Bf4 Bf6 20. Rac1 Qa4 21. Bxd5
Bxd5 22. Nxd5 Qxa3 23. Ne7+ Bxe7 24. Qxa8 Bd6 25. Bxd6 Nxd6 26. Qc6 Ne8 27. d4
Nf6 28. Rcd1 Re8 29. d5 1-0

[Event "Let's Play Chess!"]
[Site "http://www.queenalice.com/game.php?id=439902"]
[Date "2008.7.28"]
[Round "-"]
[White "spawnwolfwolverine"]
[Black "quebec"]
[Result "1-0"]
[WhiteElo "1620"]
[BlackElo "1713"]

1. e4 c5 2. c4 e6 3. d3 d5 4. cxd5 exd5 5. Nc3 dxe4 6. Nxe4 Nc6 7. Nf3 Bg4 8.
Be2 Nf6 9. Nxf6+ Qxf6 10. O-O Rb8 11. Rb1 Bd6 12. a3 Bxf3 13. Bxf3 Ne5 14. Be3
Nxf3+ 15. Qxf3 Qxf3 16. gxf3 O-O 17. f4 Rbe8 18. b4 cxb4 19. axb4 b6 20. b5 Bc5
21. Bxc5 bxc5 22. b6 axb6 23. Rxb6 Rc8 24. Rc1 Rfd8 25. Rc3 Rd5 26. Kg2 f5 27.
f3 h6 28. h4 g5 29. hxg5 hxg5 30. fxg5 f4 31. Rf6 Rd4 32. g6 c4 33. dxc4 Rcxc4
34. Rxc4 Rxc4 35. Rd6 Kg7 36. Ra6 Rc5 37. Kh3 Rf5 38. Kg4 Rf8 39. Kg5 Kg8 40.
Rf6 Rxf6 41. Kxf6 Kf8 42. Kg5 Kg7 43. Kxf4 Kxg6 44. Ke5 Kg5 45. f4+ Kg6 46. Ke6
Kg7 47. f5 1-0

[Event "Let's Play Chess!"]
[Site "http://www.queenalice.com/game.php?id=439903"]
[Date "2008.7.28"]
[Round "-"]
[White "ekup"]
[Black "quebec"]
[Result "1-0"]
[WhiteElo "2039"]
[BlackElo "1693"]

1. e4 c5 2. Nf3 Nc6 3. Bc4 e6 4. a3 d5 5. exd5 exd5 6. Qe2+ Be7 7. Ba2 Nf6 8. h3
O-O 9. O-O Be6 10. d3 Qd7 11. Nc3 Nd4 12. Nxd4 cxd4 13. Nd1 Qc6 14. Bf4 Bd6 15.
Bxd6 Qxd6 16. c3 dxc3 17. bxc3 Rfe8 18. Ne3 d4 19. cxd4 Qxd4 20. Bxe6 Rxe6 21.
Rfd1 Rae8 22. Qf3 b6 23. Rac1 Qa4 24. d4 h6 25. d5 Rd6 26. Qg3 Ne4 27. Qf4 Nxf2
28. Qxf2 Rf6 29. Qg3 Qb3 30. Re1 Qxa3 31. Nf5 Rxe1+ 32. Rxe1 Qc5+ 33. Ne3 Rg6
34. Qf3 Qd6 35. Nf5 Qc5+ 36. Kh1 Rf6 37. Qg4 Rg6 38. Ne7+ Kh7 39. Nxg6 1-0

[Event "Let's Play Chess!"]
[Site "http://www.queenalice.com/game.php?id=439904"]
[Date "2008.7.28"]
[Round "-"]
[White "spawnwolfwolverine"]
[Black "quebec"]
[Result "1/2-1/2"]
[WhiteElo "1501"]
[BlackElo "1720"]

1. c4 c5 2. d3 d5 3. cxd5 Qxd5 4. Nc3 Qc6 5. e4 e6 6. Be2 Nf6 7. Nf3 Be7 8. Bg5
Ng8 9. Bxe7 Nxe7 10. O-O O-O 11. a3 Nd7 12. Rb1 Ng6 13. b4 cxb4 14. Na2 bxa3 15.
Qb3 Nf4 16. Bd1 Qd6 17. Bc2 Nc5 18. Qxa3 b6 19. g3 Ne2+ 20. Kg2 Nd4 21. Bb3
Ncxb3 22. Qxd6 Nxf3 23. Rxb3 Nd2 24. Ra3 Bb7 25. f3 Rfd8 26. Qf4 Nxf1 27. Kxf1
a5 28. Nc3 Rxd3 29. Nb5 Rxa3 30. Nxa3 Ba6+ 31. Kf2 b5 32. Qe5 b4 33. Nb5 b3 34.
Nc7 Rc8 35. Nxa6 Rc2+ 36. Ke3 h6 37. Qxa5 b2 38. Qb4 Rxh2 39. Nc5 Rg2 40. g4 h5
41. gxh5 Rh2 42. Nd3 Rxh5 43. Qxb2 f6 44. Nf4 e5 45. Qb3+ Kh7 46. Qf7 exf4+ 47.
Kxf4 Rh4+ 48. Ke3 Rh3 49. Qe6 Rh6 50. Kd4 Rh5 51. f4 Rh6 52. e5 fxe5+ 53. Kxe5
Rxe6+ 54. Kxe6 Kg8 55. f5 1/2-1/2

[Event "Let's Play Chess!"]
[Site "http://www.queenalice.com/game.php?id=439905"]
[Date "2008.7.28"]
[Round "-"]
[White "spawnwolfwolverine"]
[Black "quebec"]
[Result "0-1"]
[WhiteElo "1541"]
[BlackElo "1711"]

1. d4 d5 2. e3 c5 3. dxc5 Qa5+ 4. c3 Qxc5 5. Nf3 Nf6 6. Be2 e6 7. O-O Be7 8.
Nbd2 Nc6 9. a3 O-O 10. Nb3 Qd6 11. Nbd4 Nxd4 12. cxd4 Ne4 13. b4 Nc3 14. Qc2
Nxe2+ 15. Qxe2 Bf6 16. Bb2 b6 17. g3 a5 18. Bc3 Ba6 19. Qd2 Bxf1 20. Kxf1 Rfc8
21. bxa5 bxa5 22. Bxa5 Qa6+ 23. Kg2 Qxa5 24. Qxa5 Rxa5 25. h4 Rc3 26. a4 Rc4 27.
Ne5 Bxe5 28. dxe5 Raxa4 29. Rxa4 Rxa4 30. f4 f6 31. exf6 gxf6 32. Kf3 e5 33.
fxe5 fxe5 34. g4 d4 35. exd4 exd4 36. Ke4 d3+ 37. Kxd3 Rxg4 38. h5 Rh4 39. Ke3
Rxh5 40. Kf4 Ra5 41. Ke4 h5 42. Kf3 Ra4 43. Kg3 h4+ 44. Kh3 Kh7 45. Kh2 Ra3 46.
Kg2 h3+ 47. Kh2 Kh6 48. Kh1 Ra2 49. Kg1 Kh5 50. Kh1 Kh4 51. Kg1 Kg3 52. Kf1 h2
53. Ke1 h1=R# 0-1

[Event "Challenge"]
[Site "http://www.queenalice.com/game.php?id=461275"]
[Date "2008.9.10"]
[Round "-"]
[White "quebec"]
[Black "pierjean"]
[Result "1-0"]
[WhiteElo "1791"]
[BlackElo "1437"]

1. e4 c5 2. Nc3 g6 3. g3 Bg7 4. Bg2 e6 5. d3 e5 6. f4 d6 7. Nge2 Nc6 8. O-O Bg4
9. Be3 f6 10. h3 Bd7 11. Nd5 Bh6 12. f5 Bxe3+ 13. Nxe3 Nge7 14. g4 g5 15. Qe1 a5
16. h4 h6 17. h5 Na7 18. Nc3 O-O 19. Ned5 b5 20. Nxe7+ Qxe7 21. Nd5 Qd8 22. c4
b4 23. b3 Qe8 24. Nc7 Qb8 25. Nxa8 Qxa8 26. a3 Be8 27. axb4 cxb4 28. Rxa5 Rf7
29. Qa1 Qb8 30. Qa2 Rb7 31. Ra1 Nc6 32. Ra8 Ra7 33. Rxa7 Qb6+ 34. Kh1 Nxa7 35.
Qxa7 Qc6 36. Qe7 Qc5 37. Qxe8+ Kg7 38. Qg6+ Kf8 39. Qxf6+ Ke8 40. Ra8+ Kd7 41.
Qd8+ 1-0

[Event "Challenge"]
[Site "http://www.queenalice.com/game.php?id=462794"]
[Date "2008.9.13"]
[Round "-"]
[White "pierjean"]
[Black "quebec"]
[Result "0-1"]
[WhiteElo "1401"]
[BlackElo "1781"]

1. e4 c5 2. Nf3 Nc6 3. Nc3 e6 4. d4 cxd4 5. Nxd4 Bb4 6. Nxc6 Bxc3+ 7. bxc3 bxc6
8. e5 Qa5 9. f4 Qxc3+ 10. Bd2 Qd4 11. g3 Qe4+ 12. Kf2 Qxh1 13. Ke3 Qxh2 14. Qf3
g6 15. Bd3 Qh6 16. c4 Ne7 17. Rb1 Nf5+ 18. Bxf5 gxf5 19. Bb4 Ba6 20. Bd6 Bxc4
21. Kd4 Bxa2 22. Rb2 Bd5 23. Qa3 Qh1 24. Bc5 Qe4+ 25. Kc3 Qf3+ 26. Kd2 Qxa3 0-1

[Event "Challenge"]
[Site "http://www.queenalice.com/game.php?id=469075"]
[Date "2008.9.27"]
[Round "-"]
[White "AuntieRenie"]
[Black "quebec"]
[Result "0-1"]
[WhiteElo "1586"]
[BlackElo "1783"]

1. c4 e5 2. Nc3 Nf6 3. d3 Bb4 4. Bd2 c6 5. a3 Bxc3 6. Bxc3 d6 7. Nf3 O-O 8. h3
Bf5 9. Nh4 Qd7 10. g4 Bg6 11. Nxg6 fxg6 12. g5 Nh5 13. d4 Qf5 14. h4 Qxf2+ 15.
Kd2 exd4 16. Bxd4 Qxd4+ 17. Kc2 Qe4+ 18. Kb3 Qxh1 19. Qxd6 Na6 20. Qe6+ Kh8 21.
Qe7 Rxf1 22. Rxf1 Qxf1 23. e4 Qf8 24. Qxb7 Nc5+ 0-1

[Event "Let's Play Chess!"]
[Site "http://www.queenalice.com/game.php?id=486624"]
[Date "2008.11.1"]
[Round "-"]
[White "quebec"]
[Black "Megakhuimyak"]
[Result "0-1"]
[WhiteElo "1805"]
[BlackElo "1874"]

1. e4 e5 2. Nf3 Nc6 3. Bc4 h6 4. O-O Bc5 5. c3 Nf6 6. Nxe5 Nxe5 7. d4 Nxc4 8.
dxc5 Na5 9. Qa4 Nc6 10. Nd2 O-O 11. Re1 Re8 12. b4 Ne5 13. Qc2 d5 14. exd5 Nxd5
15. Ba3 a6 16. Bb2 Nf6 17. Rad1 Bd7 18. c4 Nc6 19. a3 Bg4 20. Rxe8+ Qxe8 21. f3
Bd7 22. Bxf6 gxf6 23. Ne4 Kg7 24. Re1 Bf5 25. Qc3 Qe5 26. Qc1 Re8 27. Kf1 Qxh2
28. Nf2 Rxe1+ 29. Qxe1 Be6 30. Qe4 Qe5 31. Qc2 Qa1+ 0-1

[Event "Let's Play Chess!"]
[Site "http://www.queenalice.com/game.php?id=486625"]
[Date "2008.11.1"]
[Round "-"]
[White "quebec"]
[Black "alterego"]
[Result "0-1"]
[WhiteElo "1740"]
[BlackElo "1772"]

1. e4 c5 2. Nc3 Nf6 3. Nf3 d6 4. Bb5+ Bd7 5. Bxd7+ Nbxd7 6. d4 cxd4 7. Nxd4 g6
8. Bg5 Bg7 9. O-O O-O 10. Bxf6 Nxf6 11. Nf3 Qb6 12. Rb1 Ng4 13. Nd5 Qc5 14. Ng5
Rae8 15. Qxg4 e6 16. Ne3 f5 17. exf5 exf5 18. Qa4 b5 19. Qb3+ d5 20. Qxd5+ Qxd5
21. Nxd5 Re5 22. Nb4 f4 0-1

[Event "Let's Play Chess!"]
[Site "http://www.queenalice.com/game.php?id=486626"]
[Date "2008.11.1"]
[Round "-"]
[White "quebec"]
[Black "Al_Bundy"]
[Result "0-1"]
[WhiteElo "1753"]
[BlackElo "1833"]

1. e4 e5 2. Nf3 Nc6 3. Bc4 h6 4. d4 exd4 5. Nxd4 Nxd4 6. Qxd4 c5 7. Qd5 Qe7 8.
O-O Nf6 9. Qd1 d6 10. Bb5+ Bd7 11. Bxd7+ Qxd7 12. Nc3 Be7 13. Nd5 Nxd5 14. exd5
b5 15. b3 b4 16. Bb2 O-O 17. Qf3 Rfe8 18. Qg3 f6 19. Rae1 Qf5 20. Qd3 Qxd3 21.
cxd3 Bf8 22. Re6 Re7 23. Rfe1 Rae8 24. Rxe7 Rxe7 25. Kf1 Rxe1+ 26. Kxe1 Kf7 27.
a3 a5 28. axb4 axb4 29. Ke2 g5 30. g4 Kg6 0-1

[Event "Let's Play Chess!"]
[Site "http://www.queenalice.com/game.php?id=486627"]
[Date "2008.11.1"]
[Round "-"]
[White "Al_Bundy"]
[Black "quebec"]
[Result "1-0"]
[WhiteElo "1819"]
[BlackElo "1767"]

1. e4 c5 2. Nc3 Nc6 3. Nf3 e6 4. Bc4 Nf6 5. a3 Be7 6. d3 O-O 7. Bd2 d5 8. exd5
exd5 9. Ba2 Bg4 10. h3 Bxf3 11. Qxf3 Ne5 12. Qd1 d4 13. Ne2 Qb6 14. Qc1 Qc7 15.
Bf4 Bd6 16. Bxe5 Bxe5 17. c3 dxc3 18. bxc3 b6 19. Rb1 Rfe8 20. Qc2 Rad8 21. O-O
Rd7 22. Rfe1 Red8 23. Rbd1 Rd6 24. Bc4 Nd5 25. d4 cxd4 26. cxd4 Bf6 27. Nf4 Nxf4
28. d5 Nxd5 29. Qc1 Qd7 30. Rd3 Nf4 31. Rxd6 1-0

[Event "Let's Play Chess!"]
[Site "http://www.queenalice.com/game.php?id=486628"]
[Date "2008.11.1"]
[Round "-"]
[White "Megakhuimyak"]
[Black "quebec"]
[Result "1-0"]
[WhiteElo "1889"]
[BlackElo "1806"]

1. e4 c5 2. Nc3 Nc6 3. Nf3 e6 4. Bc4 Nf6 5. a3 d5 6. exd5 Nxd5 7. Nxd5 exd5 8.
Be2 Bd6 9. c3 O-O 10. h3 Re8 11. d4 cxd4 12. cxd4 Bf5 13. O-O Qb6 14. Re1 Be4
15. b4 a6 16. Be3 Rac8 17. Qd2 Qd8 18. Red1 Bg6 19. Bd3 Bxd3 20. Qxd3 f6 21. Qf5
Ne7 22. Qd3 Nc6 23. b5 axb5 24. Qxb5 Re7 25. Qxd5+ Kh8 26. Qa2 Qe8 27. Nh4 Rxe3
28. fxe3 Qxe3+ 29. Qf2 Qxf2+ 30. Kxf2 Na5 31. Nf3 Nc4 32. a4 Ra8 33. Rdb1 Rb8
34. a5 Ra8 35. Rxb7 Nxa5 36. Rd7 Bb4 37. Rc1 Kg8 38. Rcc7 Bf8 39. Ra7 Rxa7 40.
Rxa7 Nc4 41. Ra8 Nb6 42. Rb8 Nd7 43. Rb7 1-0

[Event "Let's Play Chess!"]
[Site "http://www.queenalice.com/game.php?id=486629"]
[Date "2008.11.1"]
[Round "-"]
[White "Glasgow_Rangers"]
[Black "quebec"]
[Result "1-0"]
[WhiteElo "1840"]
[BlackElo "1793"]

1. d4 d5 2. h3 Nf6 3. Nf3 Bf5 4. Bf4 e6 5. a3 Bd6 6. Bxd6 cxd6 7. Nc3 O-O 8. Nh4
Nc6 9. Nxf5 exf5 10. e3 Qe7 11. Bd3 Qd7 12. Qf3 Ne7 13. O-O Ne4 14. Bxe4 dxe4
15. Qg3 d5 16. Ne2 f6 17. f4 Ng6 18. Qe1 Rac8 19. Rc1 b5 20. b4 Rc4 21. c3 Ra8
22. Rc2 Rac8 23. Qd2 a6 24. Ng3 Qe6 25. Ne2 Nh4 26. Qe1 Ng6 27. g3 Nh8 28. h4
Nf7 29. Qd2 R8c7 30. Ra1 1-0

[Event "Challenge"]
[Site "http://www.queenalice.com/game.php?id=486631"]
[Date "2008.11.1"]
[Round "-"]
[White "STALKER"]
[Black "quebec"]
[Result "0-1"]
[WhiteElo "1107"]
[BlackElo "1803"]

1. e4 c5 2. Bc4 Nc6 3. Qh5 e6 4. Nf3 Nf6 5. Qh4 d6 6. Nc3 Nd4 7. Nxd4 cxd4 8.
Nb5 Qb6 9. d3 e5 10. Bg5 Be7 11. O-O-O a6 12. Na3 O-O 13. b3 Be6 14. Bxe6 fxe6
0-1

[Event "Let's Play Chess!"]
[Site "http://www.queenalice.com/game.php?id=486632"]
[Date "2008.11.1"]
[Round "-"]
[White "Grant_Lee_Buffalo"]
[Black "quebec"]
[Result "1-0"]
[WhiteElo "1884"]
[BlackElo "1779"]

1. d4 d5 2. h3 Nf6 3. Nf3 Bf5 4. Bf4 e6 5. a3 Bd6 6. Bxd6 cxd6 7. e3 O-O 8. Nh4
Nc6 9. Nxf5 exf5 10. Nc3 Qe7 11. Bd3 Qd7 12. Qf3 Ne7 13. O-O Ne4 14. Bxe4 dxe4
15. Qg3 d5 16. f4 Rac8 17. Rac1 Rc4 18. Ne2 Qc8 19. c3 Qd8 20. Qe1 Qb6 21. Qd2
Nc6 22. b4 Rc8 23. Rc2 a5 24. Rb1 1-0